• 首页
  • 本馆介绍
  • 公告通知
  • 最新文献
  • 馆藏检索
  • 电子资源
  • 读者导购
  • 参考咨询
  • 我的图书馆
  • 登录
  • 详细信息显示
  • 放入我的书架
  • 预约/预借图书
  • 作者相关作品
  • 分类相关作品
  • 丛书相关作品
  • 出版社相关作品

书目信息

  • 表格格式
  • 工作单格式
  • 卡片格式
题名:
越读
    
 
作者: 毕淑敏 著
分册: 2  
出版信息: 北京   北京联合出版公司  2016
页数: 223页
开本: 20cm
丛书名: 字里行间读书会
单 册:
中图分类: G792
科图分类:
主题词: 读书笔记--du shu bi ji--中国--现代
电子资源:
ISBN: 978-7-5502-8463-0
000 01183nam 2200277 450
001 012001002614
005 20191121151007.29
010    @a978-7-5502-8463-0@b精装@dCNY36.00
099    @aCAL 012016161339
100    @a20161114d2016 em y0chiy50 ea
101 0  @achi
102    @aCN@b110000
105    @ay z 000cy
106    @ar
200 1  @a越读@Ayue du@h2@f毕淑敏等著
210    @a北京@c北京联合出版公司@d2016
215    @a223页@d20cm
225 2  @a字里行间读书会@Azi li hang jian du shu hui
314    @a毕淑敏, 出生于新疆伊宁, 中共党员, 国家一级作家、内科主治医师、北京作家协会副主席、北京师范大学文学硕士, 心理学博士方向课程结业, 注册心理咨询师。
330    @a本书为作品集。继《越读》出版之后, 再次力邀多位知名作家、学者和书评人合著其第二部。本书作者包括毕淑敏、刘心武等知名作家, 朴素、唐山等书评人和编辑和洪晃等文化名人。在这本书里, 他们分享了个人的读书经历和心得, 引领人们一起享受阅读的乐趣, 学习读书之法, 走近古今中外著名的作家和经典作品。
410  0 @12001 @a字里行间读书会
606 0  @a读书笔记@Adu shu bi ji@y中国@z现代
690    @aG792@v5
701  0 @a毕淑敏@Abi shu min@4著
801  2 @aCN@b江苏凤凰@c20191020
905    @b1229737-40@dG792@e1357:2@f4
    
    越读.2/毕淑敏等著.-北京:北京联合出版公司,2016
    223页;20cm.-(字里行间读书会)
    
    
    ISBN 978-7-5502-8463-0(精装):CNY36.00
    本书为作品集。继《越读》出版之后, 再次力邀多位知名作家、学者和书评人合著其第二部。本书作者包括毕淑敏、刘心武等知名作家, 朴素、唐山等书评人和编辑和洪晃等文化名人。在这本书里, 他们分享了个人的读书经历和心得, 引领人们一起享受阅读的乐趣, 学习读书之法, 走近古今中外著名的作家和经典作品。
●
相关链接 在E读中查询图书 在五车中查询图书 在当当中查询图书 在豆瓣中查询图书


正题名:越读     索取号:G792/1357:2         预约/预借

序号 登录号 条形码 馆藏地/架位号 状态 备注
1 1229737   212297370   第一样本阅览室/ [索取号:G792/1357:2] 在馆    
2 1229738   212297389   教育系资料室/ [索取号:G792/1357:2] 在馆    
3 1229739   212297398   教育系资料室/ [索取号:G792/1357:2] 在馆    
4 1229740   212297405   第四借阅区/ [索取号:G792/1357:2] 在馆    
唐山师范学院图书馆 欢迎您!
大连网信软件有限公司© 版权所有